[Event "DVM U14 2023"]
[Site "Magdeburg GER"]
[Date "2023.12.29"]
[Round "6"]
[White "Tritschler, Marek"]
[Black "Schimann, Kirill"]
[Result "0-1"]
[Termination "normal"]
[Board "8.4"]
[WhiteElo "1159"]
[BlackElo "1511"]
[WhiteClock "00:28:38"]
[BlackClock "00:49:42"]
[WhiteTeam "SC Untergrombach 46"]
[BlackTeam "SV Stuttgart-Wolfbusch 1956"]
[PlyCount "86"]
[WhiteFideId "34640550"]
[BlackFideId "16296338"]
[EventCountry "GER"]
[EventRounds "7"]
[EventType "team-swiss"]
[EventDate "2023.12.26"]

1. e4 {[%clk 01:30:59]} c6 {[%clk 01:30:52]} {[%emt 00:00:08]} 2. d4 {[%clk
01:31:24]} {[%emt 00:00:05]} d5 {[%clk 01:31:17]} {[%emt 00:00:04]} 3. exd5
{[%clk 01:31:43]} {[%emt 00:00:11]} cxd5 {[%clk 01:31:40]} {[%emt 00:00:07]} 4.
Bd3 {[%clk 01:31:59]} {[%emt 00:00:14]} Nc6 {[%clk 01:32:01]} {[%emt 00:00:12]}
5. c3 {[%clk 01:32:21]} {[%emt 00:00:06]} Nf6 {[%clk 01:32:20]} {[%emt
00:00:10]} 6. Bf4 {[%clk 01:32:44]} {[%emt 00:00:08]} Qa5 {[%clk 01:27:11]}
{[%emt 00:05:37]} 7. Nd2 {[%clk 01:25:50]} {[%emt 00:07:26]} Qb6 {[%clk
01:23:46]} {[%emt 00:03:54]} 8. Qc2 {[%clk 01:19:37]} {[%emt 00:06:43]} e6
{[%clk 01:21:17]} {[%emt 00:03:00]} 9. Ngf3 {[%clk 01:19:06]} {[%emt 00:01:01]}
Bd7 {[%clk 01:20:47]} {[%emt 00:01:00]} 10. O-O {[%clk 01:18:38]} {[%emt
00:00:58]} Rc8 {[%clk 01:19:05]} {[%emt 00:02:11]} 11. Rfe1 {[%clk 01:13:00]}
{[%emt 00:06:09]} Be7 {[%clk 01:16:56]} {[%emt 00:02:40]} 12. Rac1 {[%clk
01:12:08]} {[%emt 00:01:22]} O-O {[%clk 01:14:37]} {[%emt 00:02:48]} 13. h3
{[%clk 01:00:41]} {[%emt 00:11:58]} Nb4 {[%clk 01:10:02]} {[%emt 00:05:05]} 14.
Qb1 {[%clk 00:56:58]} {[%emt 00:04:13]} Nxd3 {[%clk 01:09:06]} {[%emt
00:01:27]} 15. Qxd3 {[%clk 00:56:45]} {[%emt 00:00:41]} Qxb2 {[%clk 01:05:55]}
{[%emt 00:03:41]} 16. Rc2 {[%clk 00:46:52]} {[%emt 00:10:23]} Qa3 {[%clk
01:03:59]} {[%emt 00:02:24]} 17. Nb3 {[%clk 00:44:44]} {[%emt 00:02:41]} Bc6
{[%emt 00:14:44]} 18. Re3 {[%clk 00:36:03]} Qa4 {[%clk 00:55:04]} {[%emt
00:04:20]} 19. Ng5 {[%clk 00:35:08]} {[%emt 00:01:26]} Qb5 {[%clk 00:51:53]}
{[%emt 00:03:41]} 20. Qxb5 {[%clk 00:34:00]} {[%emt 00:01:38]} Bxb5 {[%clk
00:52:08]} {[%emt 00:00:16]} 21. Nd2 {[%clk 00:32:41]} {[%emt 00:01:50]} Nh5
{[%clk 00:51:49]} {[%emt 00:00:47]} 22. Bh2 {[%clk 00:32:33]} {[%emt 00:00:38]}
Bxg5 {[%clk 00:52:08]} {[%emt 00:00:11]} 23. f4 {[%clk 00:31:29]} {[%emt
00:01:35]} Nxf4 {[%clk 00:52:11]} {[%emt 00:00:27]} 24. Rf3 {[%clk 00:30:47]}
{[%emt 00:01:12]} Ne2+ {[%clk 00:52:21]} {[%emt 00:00:21]} 25. Kf2 {[%clk
00:30:30]} {[%emt 00:00:47]} Nxd4 {[%clk 00:52:31]} {[%emt 00:00:21]} 26. Rb2
{[%clk 00:28:11]} {[%emt 00:02:49]} Nxf3 {[%clk 00:49:21]} {[%emt 00:03:40]}
27. Nxf3 {[%clk 00:28:11]} {[%emt 00:00:30]} Ba6 {[%clk 00:47:13]} {[%emt
00:02:38]} 28. Nxg5 {[%clk 00:28:25]} {[%emt 00:00:15]} Rxc3 {[%clk 00:47:13]}
{[%emt 00:00:31]} 29. Nf3 {[%clk 00:28:28]} {[%emt 00:00:27]} Rfc8 {[%clk
00:46:58]} {[%emt 00:00:44]} 30. Ke1 {[%clk 00:26:53]} {[%emt 00:02:06]} Rc2
{[%clk 00:46:18]} {[%emt 00:01:09]} 31. Rxc2 {[%clk 00:26:11]} {[%emt
00:01:13]} Rxc2 {[%clk 00:46:39]} {[%emt 00:00:08]} 32. Nd2 {[%clk 00:26:33]}
{[%emt 00:00:08]} Rxa2 {[%clk 00:46:43]} {[%emt 00:00:27]} 33. g4 {[%clk
00:26:49]} {[%emt 00:00:14]} Bc4 {[%clk 00:46:48]} {[%emt 00:00:25]} 34. Nf3
{[%clk 00:26:54]} {[%emt 00:00:25]} b5 {[%clk 00:47:03]} {[%emt 00:00:15]} 35.
Bg3 {[%clk 00:27:02]} {[%emt 00:00:20]} b4 {[%clk 00:47:16]} {[%emt 00:00:20]}
36. Kd1 {[%clk 00:27:19]} {[%emt 00:00:12]} Be2+ {[%clk 00:47:39]} {[%emt
00:00:07]} 37. Kc1 {[%clk 00:27:42]} {[%emt 00:00:07]} Bxf3 {[%clk 00:48:03]}
{[%emt 00:00:06]} 38. Kb1 {[%clk 00:28:03]} {[%emt 00:00:09]} b3 {[%clk
00:48:23]} {[%emt 00:00:09]} 39. Kc1 {[%clk 00:28:11]} {[%emt 00:00:23]} b2+
{[%clk 00:48:35]} {[%emt 00:00:19]} 40. Kb1 {[%clk 00:28:37]} {[%emt 00:00:03]}
Be4+ {[%clk 00:48:59]} {[%emt 00:00:06]} 41. Kxa2 {[%clk 00:28:57]} {[%emt
00:00:10]} b1=Q+ {[%clk 00:49:21]} {[%emt 00:00:08]} 42. Ka3 {[%clk 00:29:17]}
{[%emt 00:00:10]} Bc2 {[%clk 00:49:42]} {[%emt 00:00:09]} 43. Bb8 {[%clk
00:28:38]} {[%emt 00:00:32]} Qb3# {[%clk 00:49:42]} 0-1

[Event "DVM U14 2023"]
[Site "Magdeburg GER"]
[Date "2023.12.29"]
[Round "6"]
[White "Li, Hewei"]
[Black "Fischer, Lorenz"]
[Result "1-0"]
[Termination "normal"]
[Board "9.1"]
[WhiteElo "1838"]
[BlackElo "1630"]
[WhiteClock "00:48:43"]
[BlackClock "00:52:25"]
[WhiteTeam "Düsseldorfer SK 14/25"]
[BlackTeam "SF Tegernheim"]
[PlyCount "35"]
[WhiteFideId "34619763"]
[BlackFideId "16296710"]
[EventCountry "GER"]
[EventRounds "7"]
[EventType "team-swiss"]
[EventDate "2023.12.26"]

1. Nf3 {[%clk 01:30:27]} {[%emt 00:00:32]} c5 {[%clk 01:30:52]} {[%emt
00:00:11]} 2. g3 {[%clk 01:30:52]} {[%emt 00:00:04]} Nf6 {[%clk 01:30:53]}
{[%emt 00:00:29]} 3. Bg2 {[%clk 01:31:19]} {[%emt 00:00:02]} d5 {[%clk
01:30:59]} {[%emt 00:00:25]} 4. O-O {[%clk 01:31:40]} {[%emt 00:00:09]} Nc6
{[%clk 01:31:19]} 5. d4 {[%clk 01:32:08]} {[%emt 00:00:12]} cxd4 {[%clk
01:29:40]} 6. Nxd4 e6 {[%emt 00:01:04]} 7. c4 {[%clk 01:32:42]} Be7 {[%clk
01:24:08]} {[%emt 00:04:04]} 8. Nc3 O-O {[%clk 01:16:38]} {[%emt 00:11:30]} 9.
e3 {[%clk 01:23:27]} Bc5 {[%clk 01:16:38]} 10. Nb3 {[%clk 01:24:29]} Bb6 11.
cxd5 {[%clk 01:24:29]} exd5 {[%clk 01:16:38]} 12. Nxd5 {[%clk 01:24:29]} Ne5
{[%emt 00:25:25]} 13. Nxb6 {[%clk 01:15:45]} {[%emt 00:01:55]} Qxb6 {[%emt
00:18:55]} 14. Nd4 {[%emt 00:04:37]} Bg4 {[%clk 01:02:09]} {[%emt 00:02:24]}
15. Qb3 {[%emt 00:12:51]} Rab8 {[%emt 00:02:52]} 16. Qxb6 {[%clk 00:54:47]}
{[%emt 00:00:07]} axb6 {[%clk 00:52:25]} {[%emt 00:00:07]} 17. h3 {[%emt
00:02:53]} Bh5 {[%emt 00:05:44]} 18. f4 {[%clk 00:48:43]} 1-0

[Event "DVM U14 2023"]
[Site "Magdeburg GER"]
[Date "2023.12.29"]
[Round "6"]
[White "Wittmann, Felix"]
[Black "Vartanian, Roman"]
[Result "0-1"]
[Termination "normal"]
[Board "9.2"]
[WhiteElo "1497"]
[BlackElo "1705"]
[WhiteClock "00:55:03"]
[BlackClock "00:33:34"]
[WhiteTeam "SF Tegernheim"]
[BlackTeam "Düsseldorfer SK 14/25"]
[PlyCount "70"]
[WhiteFideId "34650784"]
[BlackFideId "34140107"]
[EventCountry "GER"]
[EventRounds "7"]
[EventType "team-swiss"]
[EventDate "2023.12.26"]

1. e4 {[%clk 01:30:57]} {[%emt 00:00:02]} c5 {[%clk 01:30:57]} {[%emt
00:00:05]} 2. Nf3 {[%clk 01:31:13]} {[%emt 00:00:13]} d6 {[%clk 01:31:21]}
{[%emt 00:00:06]} 3. d4 {[%clk 01:31:37]} {[%emt 00:00:06]} cxd4 {[%clk
01:31:43]} {[%emt 00:00:10]} 4. Nxd4 {[%clk 01:32:02]} {[%emt 00:00:04]} Nf6
{[%clk 01:32:07]} {[%emt 00:00:05]} 5. Nc3 {[%clk 01:32:24]} {[%emt 00:00:10]}
a6 {[%clk 01:32:17]} {[%emt 00:00:19]} 6. Be3 {[%clk 01:31:45]} {[%emt
00:01:08]} e5 {[%clk 01:32:37]} {[%emt 00:00:10]} 7. Nf3 {[%clk 01:31:03]}
{[%emt 00:01:12]} Be7 {[%clk 01:31:49]} {[%emt 00:01:18]} 8. Bd3 {[%clk
01:30:49]} {[%emt 00:00:45]} O-O {[%clk 01:32:04]} {[%emt 00:00:15]} 9. O-O
{[%clk 01:31:14]} {[%emt 00:00:05]} Bg4 {[%clk 01:32:23]} {[%emt 00:00:11]} 10.
h3 {[%clk 01:30:41]} {[%emt 00:01:03]} Bh5 {[%clk 01:32:47]} {[%emt 00:00:05]}
11. Be2 {[%clk 01:30:39]} {[%emt 00:00:32]} Nbd7 {[%clk 01:30:57]} {[%emt
00:02:20]} 12. Nd2 {[%clk 01:27:36]} {[%emt 00:03:33]} Bxe2 {[%clk 01:29:22]}
{[%emt 00:02:04]} 13. Qxe2 {[%clk 01:27:20]} {[%emt 00:00:46]} Qc7 {[%clk
01:26:05]} {[%emt 00:03:46]} 14. Nd5 {[%clk 01:24:44]} {[%emt 00:03:09]} Nxd5
{[%clk 01:25:12]} {[%emt 00:01:23]} 15. exd5 {[%clk 01:25:06]} {[%emt
00:00:08]} f5 {[%clk 01:11:07]} {[%emt 00:14:35]} 16. Nb3 {[%clk 01:21:10]}
{[%emt 00:04:26]} f4 {[%clk 01:10:22]} {[%emt 00:01:15]} 17. Bc1 {[%clk
01:20:50]} {[%emt 00:00:50]} Nb6 {[%clk 01:07:17]} {[%emt 00:03:33]} 18. Rd1
{[%clk 01:18:12]} {[%emt 00:03:09]} f3 {[%clk 01:01:52]} {[%emt 00:05:56]} 19.
gxf3 {[%clk 01:16:41]} {[%emt 00:02:00]} Rf6 {[%clk 01:01:01]} {[%emt
00:01:21]} 20. Be3 {[%clk 01:15:25]} {[%emt 00:01:46]} Raf8 {[%clk 01:00:26]}
{[%emt 00:01:04]} 21. Bxb6 {[%clk 01:15:02]} {[%emt 00:00:54]} Qxb6 {[%clk
01:00:42]} {[%emt 00:00:14]} 22. Rd3 {[%clk 01:15:25]} {[%emt 00:00:08]} Rh6
{[%clk 00:53:43]} {[%emt 00:07:28]} 23. Kg2 {[%clk 01:10:00]} {[%emt 00:05:55]}
Rf4 {[%clk 00:50:01]} {[%emt 00:04:11]} 24. Re3 {[%clk 01:07:19]} {[%emt
00:03:11]} Rfh4 {[%clk 00:49:25]} {[%emt 00:01:05]} 25. Rh1 {[%clk 01:07:17]}
{[%emt 00:00:33]} Bg5 {[%clk 00:49:33]} {[%emt 00:00:22]} 26. Re4 {[%clk
01:06:30]} {[%emt 00:01:18]} Bf4 {[%clk 00:49:36]} {[%emt 00:00:26]} 27. Qc4
{[%clk 01:00:31]} {[%emt 00:06:29]} Qd8 {[%clk 00:48:01]} {[%emt 00:02:05]} 28.
Qb4 {[%clk 00:59:10]} {[%emt 00:01:50]} Qd7 {[%clk 00:46:32]} {[%emt 00:01:59]}
29. Qb6 {[%clk 00:59:18]} {[%emt 00:00:23]} Rxh3 {[%clk 00:45:49]} {[%emt
00:01:12]} 30. Rg1 {[%clk 00:58:28]} {[%emt 00:01:20]} Rg6+ {[%clk 00:43:15]}
{[%emt 00:03:04]} 31. Kf1 {[%clk 00:58:46]} {[%emt 00:00:12]} Rxg1+ {[%clk
00:38:42]} {[%emt 00:05:04]} 32. Kxg1 {[%clk 00:57:59]} {[%emt 00:01:17]} Rxf3
{[%clk 00:37:44]} {[%emt 00:01:28]} 33. Kf1 {[%clk 00:57:17]} {[%emt 00:01:13]}
Bg3 {[%emt 00:06:54]} 34. Kg2 {[%clk 00:55:11]} Bxf2 {[%clk 00:33:32]} {[%emt
00:00:53]} 35. Qxf2 {[%clk 00:55:03]} {[%emt 00:00:39]} Qh3+ {[%clk 00:33:34]}
{[%emt 00:00:26]} 0-1

[Event "DVM U14 2023"]
[Site "Magdeburg GER"]
[Date "2023.12.29"]
[Round "6"]
[White "Krstovic, Marko"]
[Black "Fischer, Quirin"]
[Result "0-1"]
[Termination "normal"]
[Board "9.3"]
[WhiteElo "1455"]
[BlackElo "1383"]
[WhiteClock "01:11:43"]
[BlackClock "01:32:34"]
[WhiteTeam "Düsseldorfer SK 14/25"]
[BlackTeam "SF Tegernheim"]
[PlyCount "50"]
[WhiteFideId "16278003"]
[BlackFideId "34623787"]
[EventCountry "GER"]
[EventRounds "7"]
[EventType "team-swiss"]
[EventDate "2023.12.26"]

1. d4 {[%clk 01:30:58]} {[%emt 00:00:02]} g6 {[%clk 01:30:57]} {[%emt
00:00:04]} 2. c4 {[%clk 01:31:24]} {[%emt 00:00:03]} Bg7 {[%clk 01:31:24]}
{[%emt 00:00:03]} 3. Nc3 {[%clk 01:31:47]} {[%emt 00:00:07]} d6 {[%clk
01:31:51]} {[%emt 00:00:04]} 4. e4 {[%clk 01:32:10]} {[%emt 00:00:07]} Nf6
{[%clk 01:32:12]} {[%emt 00:00:11]} 5. f4 {[%clk 01:32:34]} {[%emt 00:00:04]}
Nc6 {[%clk 01:32:08]} {[%emt 00:00:34]} 6. d5 {[%clk 01:32:44]} {[%emt
00:00:20]} Nb4 {[%clk 01:32:23]} {[%emt 00:00:15]} 7. Nf3 {[%clk 01:32:28]}
{[%emt 00:00:47]} c6 {[%clk 01:32:37]} {[%emt 00:00:17]} 8. Bd2 {[%clk
01:29:45]} {[%emt 00:03:12]} cxd5 {[%clk 01:32:56]} {[%emt 00:00:11]} 9. a3
{[%clk 01:29:39]} {[%emt 00:00:35]} dxe4 {[%clk 01:33:00]} {[%emt 00:00:27]}
10. axb4 {[%clk 01:29:41]} {[%emt 00:00:28]} exf3 {[%clk 01:33:19]} {[%emt
00:00:12]} 11. Qxf3 {[%clk 01:29:53]} {[%emt 00:00:18]} O-O {[%clk 01:33:09]}
{[%emt 00:00:40]} 12. Bd3 {[%clk 01:26:03]} {[%emt 00:04:19]} e5 {[%clk
01:32:13]} {[%emt 00:01:27]} 13. O-O {[%clk 01:23:35]} {[%emt 00:02:58]} Qb6+
{[%clk 01:31:03]} {[%emt 00:01:39]} 14. Rf2 {[%clk 01:23:19]} {[%emt 00:00:47]}
Ng4 {[%clk 01:30:45]} {[%emt 00:00:48]} 15. c5 {[%clk 01:23:04]} {[%emt
00:00:45]} dxc5 {[%clk 01:30:56]} {[%emt 00:00:19]} 16. Nd5 {[%clk 01:22:38]}
{[%emt 00:00:56]} Qd8 {[%clk 01:31:07]} {[%emt 00:00:19]} 17. Re2 {[%clk
01:21:35]} {[%emt 00:01:33]} exf4 {[%clk 01:31:10]} {[%emt 00:00:27]} 18. Bxf4
{[%clk 01:20:43]} {[%emt 00:01:21]} Nf6 {[%clk 01:31:05]} {[%emt 00:00:36]} 19.
Nc7 {[%clk 01:18:37]} {[%emt 00:02:36]} Bg4 {[%clk 01:31:00]} {[%emt 00:00:35]}
20. Qg3 {[%clk 01:16:40]} {[%emt 00:02:27]} Bxe2 {[%clk 01:31:18]} {[%emt
00:00:12]} 21. Bxe2 {[%clk 01:16:59]} {[%emt 00:00:11]} Rc8 {[%clk 01:31:35]}
{[%emt 00:00:13]} 22. Bd6 {[%clk 01:16:44]} {[%emt 00:00:45]} Ne4 {[%clk
01:31:29]} {[%emt 00:00:36]} 23. Be7 {[%clk 01:11:00]} {[%emt 00:06:13]} Nxg3
{[%clk 01:31:45]} {[%emt 00:00:14]} 24. Bxd8 {[%clk 01:11:23]} {[%emt
00:00:06]} Nxe2+ {[%clk 01:32:12]} {[%emt 00:00:03]} 25. Kf2 {[%clk 01:11:43]}
{[%emt 00:00:10]} Rfxd8 {[%clk 01:32:34]} {[%emt 00:00:09]} 0-1

[Event "DVM U14 2023"]
[Site "Magdeburg GER"]
[Date "2023.12.29"]
[Round "6"]
[White "Luible, Antonia"]
[Black "Alugili, Yosef"]
[Result "0-1"]
[Termination "normal"]
[Board "9.4"]
[WhiteElo "1254"]
[BlackElo "1475"]
[WhiteClock "00:24:48"]
[BlackClock "00:51:02"]
[WhiteTeam "SF Tegernheim"]
[BlackTeam "Düsseldorfer SK 14/25"]
[PlyCount "126"]
[WhiteFideId "34681710"]
[BlackFideId "34635963"]
[EventCountry "GER"]
[EventRounds "7"]
[EventType "team-swiss"]
[EventDate "2023.12.26"]

1. e4 {[%clk 01:30:59]} c5 {[%clk 01:30:56]} {[%emt 00:00:05]} 2. d4 {[%clk
01:31:21]} {[%emt 00:00:08]} cxd4 {[%clk 01:31:22]} {[%emt 00:00:04]} 3. c3
{[%clk 01:31:42]} {[%emt 00:00:09]} dxc3 {[%clk 01:31:48]} {[%emt 00:00:04]} 4.
Nxc3 {[%clk 01:32:02]} {[%emt 00:00:10]} Nc6 {[%clk 01:32:13]} {[%emt
00:00:06]} 5. Bc4 {[%clk 01:32:21]} {[%emt 00:00:12]} Nf6 {[%clk 01:32:36]}
{[%emt 00:00:06]} 6. Nf3 {[%clk 01:32:44]} {[%emt 00:00:07]} e6 {[%clk
01:33:03]} {[%emt 00:00:03]} 7. Bf4 {[%clk 01:32:55]} {[%emt 00:00:19]} d6
{[%clk 01:31:23]} {[%emt 00:02:11]} 8. Nb5 {[%clk 01:31:38]} {[%emt 00:01:46]}
e5 {[%clk 01:28:14]} {[%emt 00:03:39]} 9. Be3 {[%clk 01:30:38]} {[%emt
00:01:30]} Be7 {[%clk 01:27:17]} {[%emt 00:01:27]} 10. Ng5 {[%clk 01:27:45]}
{[%emt 00:03:22]} d5 {[%clk 01:24:06]} {[%emt 00:03:41]} 11. Bd3 {[%clk
01:23:56]} {[%emt 00:04:19]} h6 {[%clk 01:22:24]} {[%emt 00:02:11]} 12. exd5
{[%clk 01:15:35]} {[%emt 00:08:51]} Nxd5 {[%clk 01:20:05]} {[%emt 00:02:49]}
13. Ne4 {[%clk 01:12:06]} {[%emt 00:03:59]} Nxe3 {[%clk 01:19:48]} {[%emt
00:00:48]} 14. fxe3 {[%clk 01:12:18]} {[%emt 00:00:18]} O-O {[%clk 01:19:24]}
{[%emt 00:00:54]} 15. O-O {[%clk 01:09:33]} {[%emt 00:03:15]} Be6 {[%clk
01:11:49]} {[%emt 00:08:05]} 16. Be2 {[%clk 01:04:35]} {[%emt 00:05:27]} Rc8
{[%clk 01:05:48]} {[%emt 00:06:32]} 17. Qxd8 {[%clk 01:03:05]} {[%emt
00:01:59]} Rfxd8 {[%clk 01:02:31]} {[%emt 00:03:47]} 18. Nbc3 {[%clk 01:00:00]}
{[%emt 00:03:35]} Nb4 {[%clk 01:00:00]} {[%emt 00:03:01]} 19. Rfc1 {[%clk
00:53:30]} {[%emt 00:06:59]} Nd3 {[%clk 00:58:18]} {[%emt 00:02:13]} 20. Bxd3
{[%clk 00:51:53]} {[%emt 00:02:07]} Rxd3 {[%clk 00:58:34]} {[%emt 00:00:14]}
21. Re1 {[%clk 00:51:51]} {[%emt 00:00:32]} f5 {[%clk 00:58:40]} {[%emt
00:00:24]} 22. Nf2 {[%clk 00:50:38]} {[%emt 00:01:42]} Rd2 {[%clk 00:58:35]}
{[%emt 00:00:33]} 23. Rab1 {[%clk 00:46:21]} {[%emt 00:04:50]} Bb4 {[%clk
00:53:52]} {[%emt 00:05:13]} 24. Red1 {[%clk 00:39:27]} {[%emt 00:07:24]} Bxc3
{[%clk 00:52:41]} {[%emt 00:01:40]} 25. bxc3 {[%clk 00:39:41]} {[%emt
00:00:15]} Rxd1+ {[%clk 00:52:52]} {[%emt 00:00:20]} 26. Rxd1 {[%clk 00:39:06]}
{[%emt 00:01:05]} Rxc3 {[%clk 00:52:48]} {[%emt 00:00:35]} 27. e4 {[%clk
00:38:03]} {[%emt 00:01:32]} Re3 {[%clk 00:51:17]} {[%emt 00:02:00]} 28. exf5
{[%clk 00:37:08]} {[%emt 00:01:24]} Bxf5 {[%clk 00:51:30]} {[%emt 00:00:19]}
29. h3 {[%clk 00:36:37]} {[%emt 00:01:00]} Re2 {[%clk 00:50:48]} {[%emt
00:01:13]} 30. Ra1 {[%clk 00:34:52]} {[%emt 00:02:15]} Be6 {[%clk 00:50:38]}
{[%emt 00:00:41]} 31. a3 {[%clk 00:34:59]} {[%emt 00:00:23]} Ra2 {[%clk
00:51:02]} {[%emt 00:00:05]} 32. Rxa2 {[%clk 00:34:35]} {[%emt 00:00:54]} Bxa2
{[%clk 00:51:18]} {[%emt 00:00:15]} 33. Nd3 {[%clk 00:33:00]} {[%emt 00:02:02]}
e4 {[%clk 00:49:33]} {[%emt 00:02:18]} 34. Nc5 {[%clk 00:32:30]} {[%emt
00:01:00]} Bd5 {[%clk 00:49:10]} {[%emt 00:00:53]} 35. g3 {[%clk 00:31:28]}
{[%emt 00:01:31]} Kf7 {[%clk 00:49:26]} {[%emt 00:00:15]} 36. Kf2 {[%clk
00:31:43]} {[%emt 00:00:14]} Ke7 {[%clk 00:49:28]} {[%emt 00:00:28]} 37. Ke3
{[%clk 00:31:36]} {[%emt 00:00:38]} Kd6 {[%clk 00:49:06]} {[%emt 00:00:52]} 38.
Nxe4+ {[%clk 00:31:03]} {[%emt 00:01:03]} Bxe4 {[%clk 00:49:32]} {[%emt
00:00:05]} 39. Kxe4 {[%clk 00:31:25]} {[%emt 00:00:08]} Ke6 {[%clk 00:50:00]}
{[%emt 00:00:02]} 40. Kd4 {[%clk 00:24:06]} {[%emt 00:07:49]} b6 {[%clk
00:50:23]} {[%emt 00:00:08]} 41. a4 {[%clk 00:23:06]} {[%emt 00:01:30]} Kd6
{[%clk 00:50:30]} {[%emt 00:00:22]} 42. h4 {[%clk 00:21:57]} {[%emt 00:01:39]}
a6 {[%clk 00:50:23]} {[%emt 00:00:37]} 43. g4 {[%clk 00:20:50]} {[%emt
00:01:37]} g6 {[%clk 00:49:54]} {[%emt 00:00:59]} 44. g5 {[%clk 00:19:09]}
{[%emt 00:02:11]} h5 {[%clk 00:49:14]} {[%emt 00:01:10]} 45. Ke4 {[%clk
00:18:53]} {[%emt 00:00:47]} b5 {[%clk 00:45:32]} {[%emt 00:04:12]} 46. axb5
{[%clk 00:19:13]} {[%emt 00:00:10]} axb5 {[%clk 00:45:59]} {[%emt 00:00:03]}
47. Kd4 {[%clk 00:19:24]} {[%emt 00:00:19]} Ke6 {[%clk 00:46:06]} {[%emt
00:00:24]} 48. Kc5 {[%clk 00:19:47]} {[%emt 00:00:07]} Kf5 {[%clk 00:46:29]}
{[%emt 00:00:07]} 49. Kxb5 {[%clk 00:20:12]} {[%emt 00:00:05]} Kg4 {[%clk
00:46:55]} {[%emt 00:00:04]} 50. Kc5 {[%clk 00:20:28]} {[%emt 00:00:14]} Kxh4
{[%clk 00:47:20]} {[%emt 00:00:05]} 51. Kd5 {[%clk 00:20:53]} {[%emt 00:00:06]}
Kxg5 {[%clk 00:47:45]} {[%emt 00:00:04]} 52. Ke5 {[%clk 00:21:14]} {[%emt
00:00:09]} h4 {[%clk 00:48:07]} {[%emt 00:00:08]} 53. Ke4 {[%clk 00:21:34]}
{[%emt 00:00:10]} Kg4 {[%clk 00:48:33]} {[%emt 00:00:03]} 54. Ke5 {[%clk
00:21:52]} {[%emt 00:00:12]} h3 {[%clk 00:48:58]} {[%emt 00:00:05]} 55. Kf6
{[%clk 00:22:15]} {[%emt 00:00:08]} h2 {[%clk 00:49:20]} {[%emt 00:00:08]} 56.
Kxg6 {[%clk 00:22:41]} {[%emt 00:00:04]} h1=Q {[%clk 00:49:34]} {[%emt
00:00:16]} 57. Kf6 {[%clk 00:23:05]} {[%emt 00:00:06]} Qd5 {[%clk 00:49:47]}
{[%emt 00:00:15]} 58. Ke7 {[%clk 00:23:26]} {[%emt 00:00:10]} Qc6 {[%clk
00:50:08]} {[%emt 00:00:08]} 59. Kf7 {[%clk 00:23:54]} {[%emt 00:00:03]} Kf5
{[%clk 00:50:19]} {[%emt 00:00:18]} 60. Kg7 {[%clk 00:24:13]} {[%emt 00:00:12]}
Qf6+ {[%clk 00:50:23]} {[%emt 00:00:27]} 61. Kg8 {[%clk 00:24:30]} {[%emt
00:00:12]} Qe7 {[%clk 00:50:44]} {[%emt 00:00:09]} 62. Kh8 {[%clk 00:24:27]}
{[%emt 00:00:34]} Kg6 {[%clk 00:51:10]} {[%emt 00:00:03]} 63. Kg8 {[%clk
00:24:48]} {[%emt 00:00:09]} Qg7# {[%clk 00:51:02]} {[%emt 00:00:08]} 0-1

[Event "DVM U14 2023"]
[Site "Magdeburg GER"]
[Date "2023.12.29"]
[Round "6"]
[White "Melestean, Maxim"]
[Black "Beberhold, Otto Richard"]
[Result "1-0"]
[Termination "normal"]
[Board "10.1"]
[WhiteElo "1625"]
[BlackElo "1447"]
[WhiteClock "01:27:46"]
[BlackClock "01:14:17"]
[WhiteTeam "SK König Plauen"]
[BlackTeam "SSV Vimaria 91 Weimar"]
[PlyCount "47"]
[WhiteFideId "16280393"]
[BlackFideId "34617248"]
[EventCountry "GER"]
[EventRounds "7"]
[EventType "team-swiss"]
[EventDate "2023.12.26"]

1. d4 {[%clk 01:30:58]} {[%emt 00:00:02]} f5 {[%clk 01:30:55]} {[%emt
00:00:05]} 2. c4 {[%clk 01:31:23]} {[%emt 00:00:05]} Nf6 {[%clk 01:31:21]}
{[%emt 00:00:04]} 3. Nf3 {[%clk 01:31:48]} {[%emt 00:00:04]} e6 {[%clk
01:31:46]} {[%emt 00:00:05]} 4. g3 {[%clk 01:32:14]} {[%emt 00:00:05]} c6
{[%clk 01:31:08]} {[%emt 00:01:08]} 5. Bg2 {[%clk 01:32:33]} {[%emt 00:00:10]}
d5 {[%clk 01:31:03]} {[%emt 00:00:35]} 6. b3 {[%clk 01:32:32]} {[%emt
00:00:32]} Bd6 {[%clk 01:31:15]} {[%emt 00:00:17]} 7. O-O {[%clk 01:32:53]}
{[%emt 00:00:09]} O-O {[%clk 01:31:42]} {[%emt 00:00:04]} 8. Qc2 {[%clk
01:29:44]} {[%emt 00:03:38]} Nbd7 {[%clk 01:31:03]} {[%emt 00:01:08]} 9. Nc3
{[%clk 01:29:45]} {[%emt 00:00:29]} b6 {[%clk 01:30:55]} {[%emt 00:00:38]} 10.
cxd5 {[%clk 01:29:28]} {[%emt 00:00:48]} cxd5 {[%clk 01:30:41]} {[%emt
00:00:44]} 11. Nb5 {[%clk 01:29:27]} {[%emt 00:00:31]} Qe7 {[%clk 01:28:19]}
{[%emt 00:02:51]} 12. a4 {[%clk 01:29:03]} {[%emt 00:00:55]} Bb7 {[%clk
01:27:52]} {[%emt 00:00:56]} 13. Nxd6 {[%clk 01:29:17]} {[%emt 00:00:16]} Qxd6
{[%clk 01:28:14]} {[%emt 00:00:07]} 14. Ba3 {[%clk 01:29:44]} {[%emt 00:00:04]}
Qb8 {[%clk 01:27:23]} {[%emt 00:01:20]} 15. Bxf8 {[%clk 01:29:59]} {[%emt
00:00:16]} Nxf8 {[%clk 01:26:01]} {[%emt 00:01:51]} 16. Ne5 {[%clk 01:29:58]}
{[%emt 00:00:31]} Qe8 {[%clk 01:24:48]} {[%emt 00:01:42]} 17. Rac1 {[%clk
01:30:15]} {[%emt 00:00:14]} Rc8 {[%clk 01:16:15]} {[%emt 00:09:03]} 18. Qb2
{[%clk 01:29:05]} {[%emt 00:01:39]} Rxc1 {[%clk 01:15:37]} {[%emt 00:01:08]}
19. Rxc1 {[%clk 01:27:04]} {[%emt 00:02:31]} g5 {[%clk 01:15:39]} {[%emt
00:00:28]} 20. Qc2 {[%clk 01:27:05]} {[%emt 00:00:29]} h5 {[%clk 01:15:28]}
{[%emt 00:00:42]} 21. b4 {[%clk 01:26:51]} {[%emt 00:00:43]} h4 {[%clk
01:14:49]} {[%emt 00:01:09]} 22. Qc7 {[%emt 00:01:20]} hxg3 {[%clk 01:14:15]}
{[%emt 00:00:03]} 23. hxg3 {[%clk 01:27:25]} {[%emt 00:00:07]} Ng6 {[%clk
01:14:17]} {[%emt 00:00:28]} 24. Qxb7 {[%clk 01:27:46]} {[%emt 00:00:09]} 1-0